Uncharted: Drake's Fortune All Characters - Statistics

General Stats
  • This quiz has been taken 73 times
  • The average score is 6 of 6
Answer Stats
Hint Answer % Correct
Hero Nathan Drake
100%
Hero Elena Fisher
98%
Hero Victor Sullivan
98%
Villain Atoq Navarro
86%
Villain Gabriel Roman
86%
Villain Eddy Raja
83%
No matching quizzes found
Score Distribution
Percent of People with Each Score
Percentile by Number Answered
Your Score History
You have not taken this quiz